I grandi delle scuole pie : (Record no. 163489)

MARC details
000 -LEADER
campo de control de longitud fija 00787nam a2200217 i 4500
001 - NÚMERO DE CONTROL
campo de control 163489
003 - IDENTIFICADOR DE NÚMERO DE CONTROL
campo de control ES-MaACL
005 - FECHA Y HORA DE LA ÚLTIMA TRANSACCIÓN
campo de control 20250728063134.0
008 - DATOS DE LONGITUD FIJA--INFORMACIÓN GENERAL
campo de control de longitud fija 050712s1897 it | |||||||| ||ita d
040 ## - FUENTE DE CATALOGACIÓN
Centro catalogador/agencia de origen CAM
Lengua de catalogación spa
Centro/agencia transcriptor CAM
080 ## - NÚMERO DE LA CLASIFICACIÓN DECIMAL UNIVERSAL
Número de la Clasificación Decimal Universal 272-789.9 Escolapios
100 1# - ENTRADA PRINCIPAL--NOMBRE DE PERSONA
Nombre de persona Ricciotti, Giuseppe,
Fechas asociadas al nombre 1890-1964
Término indicativo de función/relación Autor
9 (RLIN) 96885
245 12 - MENCIÓN DEL TÍTULO
Título I grandi delle scuole pie :
Resto del título apunti storici /
Mención de responsabilidad, etc. Giuseppe Ricciotti
260 ## - PUBLICACIÓN, DISTRIBUCIÓN, ETC.
Lugar de publicación, distribución, etc. Alatri :
Nombre del editor, distribuidor, etc. [s.n.],
Fecha de publicación, distribución, etc. 1897
Fabricante (Tip. Oreste de Andreis)
300 ## - DESCRIPCIÓN FÍSICA
Extensión 25, [7] páginas ;
Dimensiones 22 cm.
610 24 - PUNTO DE ACCESO ADICIONAL DE MATERIA--NOMBRE DE ENTIDAD CORPORATIVA
Nombre de entidad corporativa o nombre de jurisdicción como elemento de entrada Escolapios
9 (RLIN) 3513
852 ## - LOCALIZACIÓN
Ubicación ES-MaACL
Ubicación en estantería Depósito folletos
Donativo/Legado Donat. Biblioteca de Palacio
Número de control de estantería T-933-F-1
Encuadernación Enc. en un vol. facticio
-- Holandesa, conservando enc. original
942 ## - ELEMENTOS DE ENTRADA SECUNDARIOS (KOHA)
Fuente del sistema de clasificación o colocación Clasificación decimal universal
Tipo de ítem Koha Folleto
Suprimir en OPAC No
Holdings
Estatus retirado Estado de pérdida Fuente del sistema de clasificación o colocación Estado de daño No para préstamo Colección Biblioteca de origen Biblioteca actual Ubicación en estantería Fecha de adquisición Fuente de adquisición Total de préstamos Signatura topográfica completa Código de barras Visto por última vez Tipo de ítem Koha
    Clasificación decimal universal     Colección de folletos Biblioteca del Ateneo de Madrid Biblioteca del Ateneo de Madrid Depósito folletos 17/01/2008 Donación   T-933-F-1 1171320 23/02/2023 Folleto